[Event "Istanbul Open 2018"]
[Site "Istanbul"]
[Date "2018.09.03"]
[Round "3"]
[White "Abishli, Oghuz"]
[Black "Acarbay, Aydin"]
[Result "1-0"]
[WhiteElo "2099"]
[BlackElo "1894"]
[Annotator "NA RC"]
[PlyCount "91"]
[EventDate "2018.09.02"]
[EventType "swiss"]
[EventCountry "TUR"]
[SourceTitle "playchess.com"]
[Source "ChessBase"]
[SourceQuality "1"]
[TimeControl "5400+30"]

{[%evp 14,90,48,25,32767,32767,32767,32767,32767,98,32767,32767,32767,32767,32767,32767,32767,32767,32767,32767,32767,32767,32767,32767,168,174,32767,32767,32767,32767,32767,32767,32767,32767,32767,32767,32767,141,189,187,197,208,204,159,133,127,148,138,187,166,189,180,196,202,192,32767,32767,32767,32767,32767,32767,145,164,32767,222,223,244,268,273,273,335,365,437,297,447,376,512,522,520]} 1. d4 {[%emt 0:00:30]} d5 {[%emt 0:17:30]} 2. c4 {[%emt 0:00:00]} c6 {[%emt 0:00:30]} 3. Nf3 {[%emt 0:00:00]} Nf6 {[%emt 0:00:30]} 4. e3 {[%emt 0:00:30]} g6 {[%emt 0:00:30]} 5. Nc3 {[%emt 0:01:30]} Bg7 {[%emt 0:00:30]} 6. Be2 {[%emt 0:00:30]} O-O {[%emt 0:00:30]} 7. O-O {[%emt 0:00:00]} Be6 {[%emt 0:07:30]} 8. cxd5 {[%emt 0:07:00] LiveBook: 70 Games} cxd5 {[%emt 0:00:30]} 9. Qb3 {[%emt 0:02:30] D94: Grünfeldindisch (Geschlossenes System)} Nc6 $146 {[%emt 0:18:30]} ({Vorgänger:} 9... Qb6 10. Qxb6 axb6 11. Bd2 Ne4 12. Rfc1 Nc6 13. Be1 Rfc8 14. Nxe4 dxe4 15. Nd2 Nb4 16. Rxc8+ Rxc8 17. Nxe4 {½-½ (31) Predojevic,B (2604)-Vachier Lagrave,M (2768) Tromsoe 2014}) 10. Qxb7 {[%emt 0:08:30]} Na5 {[%emt 0:05:30]} 11. Qb5 {[%emt 0:00:30]} Rc8 12. Ne5 Qc7 13. f3 Rfd8 14. Qa4 Nc4 {[%emt 1:16:00]} 15. Nxc4 {[%emt 0:53:30]} dxc4 {[%emt 0:00:30]} 16. Bd2 {[%emt 0:13:30]} Bf5 {[%emt 0:05:28]} 17. Nb5 {[%emt 0:05:30]} Qb8 {[%emt 1:30:00]} 18. Bxc4 {[%emt 1:22:12]} a6 {[%emt 0:00:30] [#]} (18... Nd7 $16 {is a better defense.}) 19. Na3 $1 {[%emt 0:00:30]} Qxb2 {[%emt 0:00:30]} 20. Qb4 {[%emt 0:00:30]} Rb8 {[%emt 0:00:30]} 21. Qxb2 {[%emt 0:00:43]} Rxb2 {[%emt 0:00:35]} 22. Bc3 {[%emt 0:00:01]} Rbb8 {[%emt 0:00:30]} 23. e4 {[%emt 0:00:30]} Bc8 {[%emt 0:01:10]} 24. Rab1 {[%emt 0:00:45]} Bb7 {[%emt 0:02:38]} 25. Rb3 {[%emt 0:02:02]} Ba8 {[%emt 0:00:10]} (25... Nd7 $16 {kämpft weiter.} 26. Rfb1 Bc6 27. Rxb8 (27. Bxa6 Ra8 $16) 27... Rxb8 28. Rxb8+ Nxb8) 26. Rfb1 {[%emt 0:03:14]} Rxb3 {[%emt 0:01:20]} 27. Rxb3 {[%emt 0:00:06]} Ne8 {[%emt 0:03:17]} 28. Nc2 {[%emt 0:02:26]} ({Bloß nicht} 28. Bxa6 $6 Bxd4+ 29. Bxd4 Rxd4 $16) 28... Bc6 {[%emt 0:00:00]} 29. Bxa6 {[%emt 0:04:29]} Ba4 {[%emt 0:01:37]} 30. Rb2 {[%emt 0:00:08]} Ra8 {[%emt 0:01:12]} 31. Bb7 {[%emt 0:00:25]} Rb8 {[%emt 0:00:43]} 32. Ne3 {[%emt 0:00:21]} Nd6 {[%emt 0:00:12] [#]} 33. Ba6 $1 {[%emt 0:00:51]} Ra8 {[%emt 0:00:41]} 34. Bc4 {[%emt 0:02:46]} Nxc4 {[%emt 0:00:26]} 35. Nxc4 {[%emt 0:00:05]} Rc8 {[%emt 0:00:31]} 36. Rb4 {[%emt 0:00:04]} Bc2 {[%emt 0:00:19] [#]} 37. Bb2 $1 {[%emt 0:00:49]} Bd3 {[%emt 0:00:25]} 38. Ne3 {[%emt 0:01:32]} Bb1 {[%emt 0:00:45]} (38... Bh6 $16) 39. a4 {[%emt 0:01:23]} Ba2 {[%emt 0:00:37]} 40. d5 {[%emt 0:01:57]} Bf8 {[%emt 0:00:46]} 41. e5 {[%emt 0:01:17]} Bh6 {[%emt 0:00:10]} 42. f4 {[%emt 0:00:09]} Rd8 {[%emt 0:00:43]} 43. Rd4 {[%emt 0:01:13]} Kg7 {[%emt 0:00:34]} (43... f6 $142 44. exf6 exf6) 44. Ba3 {[%emt 0:00:46]} Rd7 {[%emt 0:00:36]} (44... Kf8 {is a better defense.} 45. Kf2 Ke8) 45. a5 {[%emt 0:00:37]} Ra7 $18 {[%emt 0:00:34]} 46. Bb4 {[%emt 0:00:06]} 1-0

[Event "Istanbul Open 2018"]
[Site "Istanbul"]
[Date "2018.09.02"]
[Round "3"]
[White "Guven, Oguz Kagan"]
[Black "Nuri, Murad"]
[Result "1/2-1/2"]
[WhiteElo "2022"]
[BlackElo "2284"]
[Annotator "NA"]
[PlyCount "31"]
[EventDate "2018.09.02"]
[EventType "swiss"]
[EventCountry "TUR"]
[SourceTitle "playchess.com"]
[Source "ChessBase"]
[SourceQuality "1"]
[TimeControl "5400+30"]

1. e4 {[%emt 0:05:30]} c5 {[%emt 0:04:30]} 2. Nf3 {[%emt 0:00:30]} Nf6 {[%emt 0:00:00]} 3. Nc3 {[%emt 0:00:30]} Nc6 {[%emt 0:02:00]} 4. Bb5 {[%emt 0:00:00]} Qc7 {[%emt 0:05:30]} 5. O-O {[%emt 0:00:00]} d6 {[%emt 0:15:30]} (5... e5 $11 {keeps the balance.}) 6. h3 {[%emt 0:15:30]} (6. d4 $14) 6... a6 {[%emt 0:06:30]} 7. Bxc6+ {[%emt 0:00:30]} Qxc6 {[%emt 0:00:00]} 8. e5 {[%emt 0:00:30]} dxe5 {[%emt 0:04:00]} 9. Nxe5 {[%emt 0:00:30]} Qd6 {[%emt 0:00:00]} 10. Re1 {[%emt 0:01:30]} e6 {[%emt 0:00:00]} 11. d3 {[%emt 0:00:30]} Be7 {[%emt 0:06:30]} 12. Bf4 $14 {[%emt 0:03:30]} Qd8 {[%emt 0:00:30]} 13. a4 {[%emt 0:05:30]} O-O {[%emt 0:00:30]} 14. Qf3 {[%emt 0:03:30]} Nd5 {[%emt 0:02:30]} 15. Nxd5 {[%emt 0:06:30]} exd5 {[%emt 0:00:00]} 16. Re2 {[%emt 0:02:30]} 1/2-1/2

[Event "Istanbul Open 2018"]
[Site "Istanbul"]
[Date "2018.09.02"]
[Round "3"]
[White "Kuseyri, Mehmet Ali"]
[Black "Darban, Morteza"]
[Result "0-1"]
[WhiteElo "1962"]
[BlackElo "2333"]
[Annotator "ChessBase"]
[PlyCount "46"]
[EventDate "2018.09.02"]
[EventType "swiss"]
[EventCountry "TUR"]
[SourceTitle "playchess.com"]
[Source "ChessBase"]
[SourceQuality "1"]
[TimeControl "5400+30"]

1. d4 g6 2. c4 Bg7 3. e4 d6 4. Nc3 Nd7 5. Nf3 e5 6. Be2 Ne7 7. h4 h6 8. dxe5 dxe5 9. Be3 Nc6 10. Qd2 Nf8 11. Nd5 Ne6 12. Nb4 Qxd2+ 13. Bxd2 Bd7 14. Nc2 Nc5 15. Be3 Nxe4 16. a4 a5 17. O-O O-O-O 18. Rfc1 {[%emt 0:57:00]} Bg4 {[%emt 1:13:00]} 19. Rd1 {[%emt 0:05:30]} f5 {[%emt 0:00:30]} 20. Rxd8+ {[%emt 0:01:30]} Rxd8 {[%emt 0:00:30]} 21. Rd1 {[%emt 0:00:30]} Rxd1+ {[%emt 0:04:30]} 22. Bxd1 {[%emt 0:00:00]} Nd6 {[%emt 0:00:30]} 23. c5 {[%emt 0:05:00]} Ne8 {[%emt 0:00:00]} 0-1

[Event "Istanbul Open 2018"]
[Site "Istanbul"]
[Date "2018.09.02"]
[Round "3"]
[White "Aydin, Kaan Ayhan"]
[Black "Ozkan, Taha"]
[Result "1-0"]
[WhiteElo "1877"]
[BlackElo "1997"]
[Annotator "NA"]
[PlyCount "57"]
[EventDate "2018.09.02"]
[EventType "swiss"]
[EventCountry "TUR"]
[SourceTitle "playchess.com"]
[Source "ChessBase"]
[SourceQuality "1"]
[TimeControl "5400+30"]

1. e4 {[%emt 0:00:30]} c5 {[%emt 0:00:30]} 2. Nf3 {[%emt 0:00:30]} e6 {[%emt 0:00:30]} 3. d4 {[%emt 0:00:00]} cxd4 {[%emt 0:00:00]} 4. Nxd4 {[%emt 0:00:00]} Qb6 {[%emt 0:00:00]} 5. Nb5 {[%emt 0:00:00]} a6 {[%emt 0:00:00]} 6. Be3 {[%emt 0:00:00]} Qa5+ {[%emt 0:00:00]} 7. N5c3 {[%emt 0:00:30]} Nf6 {[%emt 0:00:30]} 8. Nd2 {[%emt 0:00:00]} Qc7 {[%emt 0:00:30]} 9. Nc4 {[%emt 0:07:00]} Nc6 {[%emt 0:01:30]} 10. Bb6 {[%emt 0:05:30]} Qb8 {[%emt 0:01:30]} 11. Qe2 {[%emt 0:04:30]} Ne5 {[%emt 0:05:30]} 12. O-O-O {[%emt 0:01:30]} Be7 $16 {[%emt 0:02:30]} ({Black should play} 12... Nxc4 13. Qxc4 Be7) 13. Ne3 d6 14. f4 Ned7 15. Nc4 O-O 16. e5 Ne8 17. Bd4 b5 18. exd6 Nxd6 19. Nxd6 Bxd6 20. g3 Bb7 21. Bg2 Rd8 22. Bxb7 Qxb7 23. Rhe1 Bf8 24. Ne4 Rac8 25. Ng5 Nc5 {[%emt 0:55:30]} 26. Bxc5 {[%emt 1:15:00]} Rxd1+ {[%emt 0:05:30]} 27. Rxd1 {[%emt 0:00:30]} Rxc5 {[%emt 0:00:30]} 28. Qe4 {[%emt 0:03:30]} Qc7 {[%emt 0:03:30]} 29. Qxh7# {[%emt 0:00:00]} 1-0

[Event "Istanbul Open 2018"]
[Site "Istanbul"]
[Date "2018.09.03"]
[Round "3"]
[White "Emir, Emirhan"]
[Black "Ozsakallioglu, Akin"]
[Result "1/2-1/2"]
[WhiteElo "1852"]
[BlackElo "1861"]
[Annotator "NA RC"]
[PlyCount "106"]
[EventDate "2018.09.02"]
[EventType "swiss"]
[EventCountry "TUR"]
[SourceTitle "playchess.com"]
[Source "ChessBase"]
[SourceQuality "1"]
[TimeControl "5400+30"]

1. c4 {[%emt 0:00:30]} e5 {[%emt 0:00:30]} 2. Nc3 {[%emt 0:00:00]} Nc6 {[%emt 0:00:30]} 3. g3 {[%emt 0:00:00]} g6 {[%emt 0:00:00]} 4. Bg2 {[%emt 0:00:30]} Bg7 {[%emt 0:00:00]} 5. d3 {[%emt 0:00:30] LiveBook: 1043 Games} Nge7 {[%emt 0:00:00]} 6. Bg5 {[%emt 0:04:30] A26: English Opening vs King's Indian with ...Nc6 and d3} (6. Rb1 O-O 7. b4 a6 8. e3 d6 9. Nge2 Be6 10. Nd5 Qd7 11. O-O f5 12. a4 Bf7 13. b5 axb5 14. axb5 {½-½ (34) Izoria,Z (2599)-Li,R (2576) chess.com INT 2018}) 6... h6 {[%emt 0:05:00]} 7. Bd2 {[%emt 0:02:30]} d6 {[%emt 0:09:30]} 8. Rb1 {[%emt 0:01:30]} Be6 {[%emt 0:03:30]} 9. b4 {[%emt 0:13:30]} Qd7 $146 {[%emt 0:00:00]} ({Predecessor:} 9... d5 10. b5 Nd4 11. c5 O-O 12. e3 Ndf5 13. Qc2 d4 14. Na4 dxe3 15. fxe3 {½-½ (48) Malinicheva,L (2015)-Drogovoz,M (1791) Ivanovo 2011}) 10. Nd5 {[%emt 0:01:30]} Nd8 {[%emt 0:04:00]} 11. Qc1 {[%emt 0:04:30]} c6 {[%emt 0:12:30]} 12. Nxe7 Qxe7 13. b5 c5 14. Nf3 f5 15. O-O g5 16. Bc3 Bf6 17. e3 h5 18. Nd2 h4 19. f4 {[%emt 1:00:30]} Qh7 {[%emt 1:11:30]} 20. fxe5 {[%emt 0:07:30]} dxe5 {[%emt 0:06:30]} 21. g4 {[%emt 0:01:30]} h3 {[%emt 1:35:25]} 22. Bh1 {[%emt 1:16:00]} Qh4 {[%emt 0:00:30]} 23. Qd1 {[%emt 0:00:30]} f4 {[%emt 0:00:30]} 24. Ne4 {[%emt 0:00:30]} Bg7 {[%emt 0:00:30]} 25. Bf3 {[%emt 0:00:30]} O-O {[%emt 0:00:30]} 26. Qe1 {[%emt 0:00:30]} Qh6 {[%emt 0:00:30]} 27. Nxc5 {[%emt 0:00:30]} Rc8 {[%emt 0:01:52]} (27... Bf7 {was necessary.} 28. Bb4 Re8) 28. Nxe6 {[%emt 0:00:30]} Nxe6 {[%emt 0:00:48]} 29. Bxb7 {[%emt 0:00:30]} Rc7 {[%emt 0:00:55]} 30. Bd5 {[%emt 0:00:30]} Re8 {[%emt 0:00:59]} 31. exf4 {[%emt 0:00:30]} exf4 {[%emt 0:00:05]} 32. Bxg7 {[%emt 0:00:30]} Qxg7 {[%emt 0:02:33]} 33. b6 {[%emt 0:02:30]} axb6 {[%emt 0:00:45]} 34. Rxb6 {[%emt 0:00:30]} Rce7 {[%emt 0:00:16]} 35. Rxe6 {[%emt 0:00:30]} Rxe6 {[%emt 0:01:14]} (35... Kh8 {[%emt 0:00:45]}) 36. Bxe6+ {[%emt 0:00:30]} Kh8 {[%emt 0:00:30]} 37. Qe4 {[%emt 0:00:30]} Qb2 {[%emt 0:00:00]} 38. Qf3 {[%emt 0:18:05]} Rxe6 {[%emt 0:00:32]} 39. Qxh3+ {[%emt 0:00:02]} Kg7 {[%emt 0:00:08] [#]} 40. Qf3 $1 {[%emt 0:01:03]} Qxa2 {[%emt 0:00:54]} 41. Qd5 {[%emt 0:00:31]} Qa7+ {[%emt 0:00:05]} 42. c5 {[%emt 0:00:24]} Qe7 {[%emt 0:00:04] [#]} 43. Qd4+ $1 {[%emt 0:01:37]} Kg6 {[%emt 0:01:17]} 44. Qd5 {[%emt 0:02:18]} ({Weiss kommt nicht vorbei an} 44. h4 $1 $16 {[%cal Rh4g5]} Re5 45. hxg5 Qxc5 46. Rxf4) 44... Re5 {[%emt 0:00:26]} 45. Qg8+ {[%emt 0:01:46]} Kh6 {[%emt 0:00:20]} 46. d4 {[%emt 0:00:41]} Re2 {[%emt 0:00:15]} 47. Qh8+ {[%emt 0:00:35]} Kg6 {[%emt 0:00:06]} 48. Qg8+ {[%emt 0:00:18]} Kh6 {[%emt 0:00:04]} 49. Qd5 {[%emt 0:00:16]} Qe3+ {[%emt 0:01:39]} 50. Kh1 {[%emt 0:00:01]} Qh3 {[%emt 0:00:38]} 51. Qd6+ {[%emt 0:01:36]} Kh7 {[%emt 0:00:28]} 52. Qd7+ {[%emt 0:00:24]} Kh8 $11 {[%emt 0:00:28]} 53. Qd8+ {[%emt 0:00:29]} Kh7 {[%emt 0:00:09]} 1/2-1/2

[Event "Istanbul Open 2018"]
[Site "Istanbul"]
[Date "2018.09.03"]
[Round "3"]
[White "Ozveren, Ali Bulent"]
[Black "Tirak, Mert"]
[Result "0-1"]
[WhiteElo "1849"]
[BlackElo "1941"]
[Annotator "NA"]
[PlyCount "78"]
[EventDate "2018.09.02"]
[EventType "swiss"]
[EventCountry "TUR"]
[SourceTitle "playchess.com"]
[Source "ChessBase"]
[SourceQuality "1"]
[TimeControl "5400+30"]

1. e4 {[%emt 0:00:30]} c5 {[%emt 0:18:30]} 2. Nc3 {[%emt 0:00:00]} a6 {[%emt 0:01:30]} 3. g3 {[%emt 0:02:00]} b5 {[%emt 0:01:30]} 4. Bg2 {[%emt 0:00:00]} Bb7 {[%emt 0:00:00]} 5. d3 {[%emt 0:01:00]} e6 {[%emt 0:00:00]} 6. Nge2 {[%emt 0:01:30] B23: Closed Sicilian: Lines without g3} (6. f4 Be7 7. Nh3 b4 8. Ne2 Nf6 9. O-O d6 10. Nf2 Nc6 11. c3 bxc3 12. bxc3 O-O 13. Rb1 Qc7 14. g4 {½-½ (44) Li,R (2583)-Kovalyov,A (2658) Philadelphia 2018}) 6... b4 {[%emt 0:00:00]} 7. Nb1 {[%emt 0:00:30]} d5 {[%emt 0:00:00]} 8. O-O {[%emt 0:00:30]} Nf6 {[%emt 0:00:30]} 9. Nd2 {[%emt 0:01:30]} Nc6 {[%emt 0:01:30]} 10. exd5 {[%emt 0:07:30]} Nxd5 {[%emt 0:01:30]} 11. Nc4 $146 {[%emt 0:01:30]} ({Predecessor:} 11. Ne4 Be7 12. Nf4 O-O 13. Be3 Nxe3 14. fxe3 g6 {0-1 (35) Riva,E (1687)-Almiron,A (2128) Asuncion 2011}) 11... Be7 {[%emt 0:01:30]} 12. Nf4 {[%emt 0:04:30]} Nb6 {[%emt 0:07:30]} 13. Ne5 {[%emt 0:46:30]} Qc7 {[%emt 0:10:30]} 14. Nxf7 {[%emt 0:04:30]} Kxf7 {[%emt 0:03:30]} 15. Nxe6 {[%emt 1:33:35]} Kxe6 {[%emt 0:02:30]} 16. Re1+ {[%emt 0:00:14]} Kf7 {[%emt 0:00:30]} 17. Bf4 {[%emt 0:02:52]} Qd7 {[%emt 0:02:30]} 18. c3 {[%emt 1:37:35]} g6 {[%emt 1:15:00]} 19. Qb3+ {[%emt 0:00:30]} Kg7 {[%emt 0:00:30]} 20. cxb4 {[%emt 0:00:30]} Nd4 {[%emt 0:00:30]} 21. Be5+ {[%emt 0:00:30]} Bf6 {[%emt 0:00:30]} 22. Bxd4 {[%emt 0:00:30]} Bxd4 {[%emt 0:00:30]} 23. bxc5 {[%emt 0:00:30]} Bxg2 {[%emt 0:00:30]} 24. Kxg2 {[%emt 0:00:30]} Bxc5 {[%emt 0:00:30]} 25. Re4 {[%emt 0:00:37]} Rad8 {[%emt 0:03:30]} 26. Rc1 {[%emt 0:00:37]} Bd4 {[%emt 0:00:30]} 27. Qb4 {[%emt 0:00:24]} Rhe8 {[%emt 0:00:30]} 28. Rce1 {[%emt 0:00:33]} Rxe4 {[%emt 0:01:30]} 29. Rxe4 {[%emt 0:00:01]} Qd6 {[%emt 0:01:12]} 30. Qe1 {[%emt 0:00:35]} Qd5 {[%emt 0:00:54]} 31. f3 {[%emt 0:00:25]} Bf6 {[%emt 0:01:08]} 32. Qe3 {[%emt 0:00:24]} Nc8 {[%emt 0:01:12]} 33. Rc4 {[%emt 0:00:30]} Nd6 {[%emt 0:01:45]} 34. Rc7+ {[%emt 0:00:20]} Nf7 {[%emt 0:00:04]} 35. Qa7 {[%emt 0:00:46]} Qxa2 {[%emt 0:00:17]} 36. Kh3 {[%emt 0:01:06]} Qe6+ {[%emt 0:00:31]} 37. g4 {[%emt 0:00:22]} Rxd3 {[%emt 0:00:11]} 38. Qb7 {[%emt 0:00:07]} h5 {[%emt 0:00:24]} 39. Rc2 {[%emt 0:01:05]} Qxg4# {[%emt 0:00:37]} 0-1

[Event "Istanbul Open 2018"]
[Site "Istanbul"]
[Date "2018.09.03"]
[Round "3"]
[White "Gundogan, Sinem Cagla"]
[Black "Satici, Aydin"]
[Result "1/2-1/2"]
[WhiteElo "1834"]
[BlackElo "1605"]
[Annotator "NA RC"]
[PlyCount "102"]
[EventDate "2018.09.02"]
[EventType "swiss"]
[EventCountry "TUR"]
[SourceTitle "playchess.com"]
[Source "ChessBase"]
[SourceQuality "1"]
[TimeControl "5400+30"]

1. e4 {[%emt 0:07:30]} c5 {[%emt 0:00:30]} 2. Nf3 {[%emt 0:00:30]} d6 {[%emt 0:01:30]} 3. d3 {[%emt 0:00:30]} Nc6 {[%emt 0:00:30]} 4. g3 {[%emt 0:00:30]} g6 {[%emt 0:00:30]} 5. Bg2 {[%emt 0:00:30]} Bg7 {[%emt 0:00:30]} 6. O-O {[%emt 0:00:30]} Rb8 {[%emt 0:01:30] LiveBook: 13 Games} 7. Re1 {[%emt 0:02:00] A04: Unusual lines after 1 Nf3 and King's Indian Attack} e5 {[%emt 0:05:30]} 8. c3 {[%emt 0:03:30]} Nge7 {[%emt 0:01:30]} 9. Be3 $146 {[%emt 0:05:30]} ({Predecessor:} 9. a3 O-O 10. Be3 Qc7 11. d4 b6 12. a4 h6 13. Na3 a6 14. Qd2 Kh7 {1-0 (40) Sagalchik,G (2525)-Ciaffone,R (2245) North Bay 1996}) 9... Bg4 {[%emt 0:01:30]} 10. h3 {[%emt 0:01:30]} Bxf3 {[%emt 0:00:30]} 11. Bxf3 {[%emt 0:00:30]} O-O {[%emt 0:00:30]} 12. Bg2 {[%emt 0:04:30]} f5 {[%emt 0:06:30]} 13. Qd2 {[%emt 0:01:30]} Qc7 {[%emt 0:02:30]} 14. Na3 {[%emt 0:01:30]} b5 {[%emt 0:01:30]} 15. Nc2 {[%emt 0:00:30]} b4 {[%emt 0:00:30]} 16. cxb4 Nxb4 17. Na3 f4 18. gxf4 exf4 19. Bxf4 Rxf4 20. Qxf4 Nxd3 21. Qe3 Nxe1 22. Rxe1 Bd4 23. Qd3 Rxb2 24. Rf1 Qd7 25. Nc4 Rb4 26. a3 Rb8 27. Qg3 Rd8 {[%emt 1:00:30]} 28. Bf3 {[%emt 1:12:00]} Qe6 {[%emt 0:00:30]} 29. Rc1 {[%emt 0:01:30]} Nc6 {[%emt 0:03:30]} 30. Bg4 {[%emt 0:02:30]} Qf6 {[%emt 0:00:30]} 31. Kg2 {[%emt 0:02:30]} Ne5 {[%emt 0:02:30]} 32. Be2 {[%emt 0:02:30]} Rf8 {[%emt 0:03:30]} 33. Rf1 {[%emt 0:00:30]} Kg7 {[%emt 1:22:30]} 34. f4 {[%emt 1:31:03]} Nxc4 {[%emt 0:00:30]} 35. Bxc4 {[%emt 0:00:30]} Rb8 {[%emt 0:00:30]} 36. Qg4 {[%emt 0:00:30]} Qe7 {[%emt 0:02:30]} 37. Bd5 {[%emt 0:01:42]} h5 {[%emt 0:08:00]} 38. Qf3 {[%emt 0:01:51]} (38. Qg5 $17 Rb2+ 39. Kh1) 38... Rb2+ {[%emt 0:01:37]} 39. Kh1 {[%emt 0:00:05]} Qh4 {[%emt 0:01:09]} 40. Bb3 {[%emt 0:02:56]} Rf2 {[%emt 0:02:52]} 41. Rxf2 {[%emt 0:00:30]} Qxf2 {[%emt 0:00:15]} 42. Qxf2 {[%emt 0:00:16]} Bxf2 {[%emt 0:00:03]} 43. Kg2 {[%emt 0:00:14]} Bd4 {[%emt 0:00:13]} 44. Kf3 {[%emt 0:02:12]} Kf6 {[%emt 0:00:13]} 45. Ke2 {[%emt 0:01:11]} g5 {[%emt 0:00:26]} 46. fxg5+ {[%emt 0:00:10]} Kxg5 {[%emt 0:00:03]} 47. Kd3 {[%emt 0:00:06]} Kf6 {[%emt 0:02:19]} 48. Ke2 {[%emt 0:00:30]} Kg5 {[%emt 0:00:30]} 49. Kd3 {[%emt 0:02:17]} Kf4 {[%emt 0:00:03]} 50. Be6 {[%emt 0:00:03]} Ke5 $15 {[%emt 0:01:56]} 51. Bd5 {[%emt 0:00:08]} Bf2 {[%emt 0:01:44]} 1/2-1/2

[Event "Istanbul Open 2018"]
[Site "Istanbul"]
[Date "2018.09.03"]
[Round "3"]
[White "Yetkin, Ayhan"]
[Black "Tepeli, Huseyin"]
[Result "0-1"]
[WhiteElo "1801"]
[BlackElo "1529"]
[Annotator "NA"]
[PlyCount "74"]
[EventDate "2018.09.02"]
[EventType "swiss"]
[EventCountry "TUR"]
[SourceTitle "playchess.com"]
[Source "ChessBase"]
[SourceQuality "1"]
[TimeControl "5400+30"]

1. e4 {[%emt 0:01:30]} c6 {[%emt 0:02:30]} 2. d4 {[%emt 0:00:30]} d5 {[%emt 0:00:30]} 3. Nc3 {[%emt 0:02:30]} dxe4 {[%emt 0:00:30]} 4. Nxe4 {[%emt 0:00:30]} Nd7 {[%emt 0:00:30]} 5. Bc4 {[%emt 0:01:30]} e6 {[%emt 0:00:30]} 6. Nf3 {[%emt 0:08:30]} Ngf6 {[%emt 0:00:30]} 7. Ng3 {[%emt 0:00:30]} Bd6 {[%emt 0:02:30]} 8. O-O {[%emt 0:00:30]} O-O {[%emt 0:08:30]} 9. Re1 {[%emt 0:02:30] B17: Caro-Kann: Modern Line (4...Nd7)} Nb6 {[%emt 0:01:30]} (9... c5 10. c3 Qc7 11. Bd3 Rd8 12. Qe2 h6 13. Bc2 Bf4 14. Ne5 Bxc1 15. Raxc1 Nf8 16. dxc5 Qxc5 {0-1 (44) Buksa,N (2310)-Shkuran,D (2425) Lvov 2016}) 10. Bd3 {[%emt 0:05:30]} c5 {[%emt 0:01:30]} 11. c3 $146 {[%emt 0:15:30]} ({Predecessor:} 11. Ne4 Nxe4 12. Rxe4 c4 13. Be2 Qc7 14. h3 c3 15. bxc3 Nd5 16. Qd3 Nxc3 {0-1 (59) Bryant,B (1556)-Johanson,F (1890) IECG email 1998}) 11... cxd4 {[%emt 0:04:30]} 12. Nxd4 {[%emt 0:00:30]} Nbd5 {[%emt 0:00:30]} 13. Nh5 {[%emt 0:09:30]} g6 {[%emt 0:03:30]} 14. Nxf6+ Qxf6 15. g3 Kg7 16. Qd2 Kg8 17. Qh6 Bd7 18. Bg5 Qg7 19. Qh4 h5 {[%emt 0:44:30]} 20. a3 {[%emt 1:28:49]} f6 {[%emt 0:06:30]} 21. Bd2 {[%emt 0:00:23]} Rae8 {[%emt 0:02:30]} 22. c4 {[%emt 0:01:57]} Nc7 {[%emt 0:04:30]} 23. Bc3 {[%emt 0:02:35]} e5 {[%emt 0:01:30]} 24. Nb5 {[%emt 0:02:04]} Nxb5 {[%emt 0:00:30]} 25. cxb5 {[%emt 0:00:01]} Bg4 {[%emt 1:07:30]} 26. Bxg6 {[%emt 1:41:54]} Qxg6 {[%emt 0:00:30]} 27. h3 {[%emt 0:00:30]} Be6 {[%emt 0:00:30]} 28. Rad1 $19 {[%emt 0:00:30]} Bc7 {[%emt 0:00:30]} 29. Bb4 {[%emt 0:00:30]} Rf7 {[%emt 0:00:30]} 30. Rc1 {[%emt 0:00:30]} Bb6 {[%emt 0:00:30]} 31. Bc5 {[%emt 0:00:30]} Bxc5 {[%emt 0:00:30]} 32. Rxc5 {[%emt 0:00:30]} Rd7 {[%emt 0:01:30]} 33. b4 {[%emt 0:01:02]} Red8 {[%emt 0:01:30]} 34. Kg2 {[%emt 0:00:31]} Rd1 {[%emt 0:00:30]} 35. Rxd1 {[%emt 0:00:27]} Rxd1 {[%emt 0:00:30]} 36. Rc3 {[%emt 0:00:33]} Bd5+ {[%emt 0:01:30]} 37. f3 {[%emt 0:00:21]} Rd2+ {[%emt 0:00:00]} 0-1

[Event "Istanbul Open 2018"]
[Site "Istanbul"]
[Date "2018.09.03"]
[Round "3"]
[White "Gezici, Omer Ata"]
[Black "Rodriguez Fuentes, Kenan Rafael"]
[Result "1-0"]
[WhiteElo "1736"]
[BlackElo "1548"]
[Annotator "NA RC"]
[PlyCount "71"]
[EventDate "2018.09.02"]
[EventType "swiss"]
[EventCountry "TUR"]
[SourceTitle "playchess.com"]
[Source "ChessBase"]
[SourceQuality "1"]
[TimeControl "5400+30"]

1. e4 c5 2. Nf3 a6 3. c4 e6 4. Nc3 Nc6 5. d4 cxd4 6. Nxd4 Be7 7. Be3 d6 8. Be2 Nf6 9. O-O O-O 10. Rc1 Qc7 11. Nd5 Qd8 12. Nxe7+ Qxe7 13. f3 Nxd4 14. Bxd4 e5 15. Be3 Be6 16. Qd2 Rfd8 17. Bb6 Rdc8 18. Rfd1 Rc6 19. Ba5 Rac8 20. b3 Kh8 21. Bb4 Rd8 22. Qb2 Qc7 23. Qa3 Nh5 24. Bf1 g5 25. h3 Qb6+ 26. Kh2 Qe3 {[%emt 1:24:35]} 27. Rc3 {[%emt 1:30:42]} Qf2 {[%emt 0:04:02]} 28. Bxd6 {[%emt 0:09:34]} Rdxd6 {[%emt 0:03:27]} 29. Rxd6 {[%emt 0:00:14]} Ng3 {[%emt 0:05:05]} 30. Rd1 {[%emt 0:01:43]} Rc8 {[%emt 0:02:30]} 31. Qc1 {[%emt 0:01:03]} Bxh3 {[%emt 0:01:45]} 32. Rc2 {[%emt 0:00:34]} Nxf1+ {[%emt 0:01:17]} 33. Rxf1 {[%emt 0:00:16]} Qh4 {[%emt 0:00:25]} 34. gxh3 {[%emt 0:00:21]} Rc6 {[%emt 0:00:44]} 35. Qe1 {[%emt 0:00:44]} Qf4+ {[%emt 0:00:40]} 36. Qg3 {[%emt 0:00:13]} 1-0

[Event "Istanbul Open 2018"]
[Site "Istanbul"]
[Date "2018.09.02"]
[Round "3"]
[White "Cibik, Huseyin Bora"]
[Black "Akdas, Emre"]
[Result "1/2-1/2"]
[WhiteElo "1666"]
[BlackElo "1684"]
[Annotator "NA"]
[PlyCount "55"]
[EventDate "2018.09.02"]
[EventType "swiss"]
[EventCountry "TUR"]
[SourceTitle "playchess.com"]
[Source "ChessBase"]
[SourceQuality "1"]
[TimeControl "5400+30"]

1. d4 f5 2. Nf3 Nf6 3. Bg5 e6 4. e3 d5 5. Bd3 Be7 6. Nbd2 Ne4 7. Bxe7 Qxe7 8. Ne5 O-O 9. Qe2 Nd7 10. Ndf3 c5 11. c3 cxd4 12. exd4 Nxe5 13. Nxe5 Qg5 14. Bxe4 fxe4 15. Qg4 Qf5 16. O-O b6 17. Qg3 Ba6 18. Rfe1 Qf4 {[%emt 1:13:00]} 19. f3 {[%emt 0:58:30]} exf3 {[%emt 0:00:30]} 20. Qxf4 {[%emt 0:01:30]} Rxf4 {[%emt 0:00:30]} 21. Nxf3 {[%emt 0:00:30]} Re8 {[%emt 0:01:30]} 22. Re3 {[%emt 0:02:30]} Rf6 {[%emt 0:03:30]} 23. Rae1 {[%emt 0:01:30]} Re7 {[%emt 0:01:30]} 24. h3 {[%emt 0:03:30]} Bb5 {[%emt 0:00:30]} 25. Ne5 {[%emt 0:03:30]} Rf3 {[%emt 0:02:21]} 26. Nxf3 {[%emt 0:00:00]} Bd3 {[%emt 0:00:36]} 27. Ne5 {[%emt 0:01:00]} Be4 {[%emt 0:00:10]} 28. Rf1 {[%emt 0:02:30]} 1/2-1/2